Bioethics and moral decisions/. (Record no. 23141)
[ view plain ]
| 000 -LEADER | |
|---|---|
| fixed length control field | 00682nam a2200277 a 4500 |
| 005 - DATE AND TIME OF LATEST TRANSACTION | |
| control field | 20140310183442.0 |
| 008 - FIXED-LENGTH DATA ELEMENTS--GENERAL INFORMATION | |
| fixed length control field | 040618s19uu xx 00 eng d |
| 020 ## - INTERNATIONAL STANDARD BOOK NUMBER | |
| International Standard Book Number | 9789715846257 |
| 050 ## - LIBRARY OF CONGRESS CALL NUMBER | |
| Classification number | QH 332 |
| Item number | .T56 2007 |
| 100 ## - MAIN ENTRY--PERSONAL NAME | |
| Personal name | Timbreza, Florentino T. |
| 245 ## - TITLE STATEMENT | |
| Title | Bioethics and moral decisions/. |
| 260 ## - PUBLICATION, DISTRIBUTION, ETC. (IMPRINT) | |
| Place of publication, distribution, etc | Quezon City : |
| Name of publisher, distributor, etc | C&E Publishing, Inc, |
| Date of publication, distribution, etc | 2007. |
| 300 ## - PHYSICAL DESCRIPTION | |
| Extent | xx, 306 p. ; |
| Dimensions | 22 cm. |
| 521 ## - TARGET AUDIENCE NOTE | |
| Target audience note | |
| 650 ## - SUBJECT ADDED ENTRY--TOPICAL TERM | |
| Topical term or geographic name as entry element | Nursing books. |
| 650 ## - SUBJECT ADDED ENTRY--TOPICAL TERM | |
| Topical term or geographic name as entry element | Bioethics. |
| 650 ## - SUBJECT ADDED ENTRY--TOPICAL TERM | |
| Topical term or geographic name as entry element | Medical ethics. |
| 942 ## - ADDED ENTRY ELEMENTS (KOHA) | |
| Koha item type | Books |
| Source of classification or shelving scheme | Library of Congress Classification |
| Call number prefix | Local |
| Withdrawn status | Lost status | Source of classification or shelving scheme | Damaged status | Home library | Current library | Shelving location | Date acquired | Source of acquisition | Total Checkouts | Full call number | Barcode | Date last seen | Copy number | Price effective from | Koha item type |
|---|---|---|---|---|---|---|---|---|---|---|---|---|---|---|---|
| Library of Congress Classification | Archives | Archives | 12/14/2013 | Donation | QH 332 .T56 2007 | C13963 | 05/15/2018 | 1 | 12/14/2013 | Books | |||||
| Library of Congress Classification | Archives | Archives | 12/14/2013 | Donation | QH 332 .T56 2007 | C9502 | 05/15/2018 | 2 | 12/14/2013 | Books | |||||
| Library of Congress Classification | Archives | Archives | 12/14/2013 | Donation | QH 332 .T56 2007 | C9500 | 05/15/2018 | 5 | 12/14/2013 | Books | |||||
| Library of Congress Classification | Archives | Archives | 12/14/2013 | Donation | QH 332 .T56 2007 | C9501 | 05/15/2018 | 6 | 12/14/2013 | Books | |||||
| Library of Congress Classification | Archives | Archives | 12/14/2013 | Donation | QH 332 .T56 2007 | C11303 | 05/15/2018 | 7 | 12/14/2013 | Books | |||||
| Library of Congress Classification | College Library | College Library | General Circulation Section | 12/14/2013 | QH 332 .T56 2007 | C9498 | 05/15/2018 | 3 | 12/14/2013 | Books | |||||
| Library of Congress Classification | College Library | College Library | General Circulation Section | 12/14/2013 | QH 332 .T56 2007 | C9499 | 05/15/2018 | 4 | 12/14/2013 | Books |